Pokémon - Les attaques de Prismillon - Statistiques

Statistiques générales
  • Ce quiz a été pris 17 fois
  • Le résultat moyen est 10 sur 15
Statistiques - réponses
Niveaux Types Noms des attaques % Correct
Niveau 45 Insecte Papillodanse
100%
Départ Évolution Vol Tornade
100%
Niveau 50 Vol Vent Violent
100%
Niveau 35 Insecte Bourdon
80%
Départ Niveau 55 Insecte Nuée de Poudre
80%
Départ Plante Para-Spore
80%
Départ Plante Poudre Dodo
80%
Départ Poison Poudre Toxik
80%
Niveau 17 Psy Rafale Psy
80%
Départ Insecte Survinsecte
60%
Niveau 25 Fée Vampibaiser
60%
Niveau 12 Psy Mur Lumière
40%
Niveau 41 Normal Rune Protect
40%
Niveau 21 Normal Ultrason
20%
Niveau 31 Plante Aromathérapie
0%
Aucun quiz correspondant
Distribution des résultats
% des personnes avec chaque résultat
Percentile par nombre de réponses
Votre historique - résultats
Vous n’avez pas pris ce quiz